Cuadernos de derecho societario (Registro nro. 1258)

Detalles MARC
000 -LEADER
fixed length control field 01974 a2200241 4500
001 - CONTROL NUMBER
control field 24982
005 - DATE AND TIME OF LATEST TRANSACTION
control field 20260407155533.0
008 - FIXED-LENGTH DATA ELEMENTS--GENERAL INFORMATION
fixed length control field 260407a1973 arg spa d
003 - CONTROL NUMBER IDENTIFIER
control field AR-UNSa-BCEJYS
040 ## - CATALOGING SOURCE
Original cataloging agency AR-UNSa-BCEJYS
Language of cataloging spa
Transcribing agency AR-UNSa-BCEJYS
080 ## - UNIVERSAL DECIMAL CLASSIFICATION NUMBER
Universal Decimal Classification number 347.72
Common auxiliary subdivision Sociedades comerciales
100 1# - MAIN ENTRY--PERSONAL NAME
Personal name Zaldívar, Enrique
245 10 - TITLE STATEMENT
Title Cuadernos de derecho societario
264 #1 - PRODUCTION, PUBLICATION, DISTRIBUTION, MANUFACTURE, AND COPYRIGHT NOTICE
Place of production, publication, distribution, manufacture Buenos Aires :
Name of producer, publisher, distributor, manufacturer Ediciones Macchi
Date of production, publication, distribution, manufacture, or copyright notice 1973
300 ## - PHYSICAL DESCRIPTION
Extent 3 v.
Dimensions 23 cm.
505 ## - FORMATTED CONTENTS NOTE
Formatted contents note Vol. I: Aspectos jurídicos generales: 1. Ubicación de la sociedad comercial en el ámbito jurídico - 2. Constitución de las sociedades - 3. Personalidad de las sociedades - 4. Los socios - 5. Patrimonio y capital social - 6. Domicilio - denominación - objeto - 7. La organización - 8. Régimen de la documentación y contabilidad - 9. Participación en las utilidades y soportación de las pérdidas -- Vol. II. Parte I: Sociedades por partes de interés y por cuotas: 1. La sociedad colectiva - 2. La sociedad en comandita simple - 3. La sociedad de capital e industria - 4. La sociedad accidental o en participación - 5. La Sociedad de responsabilidad limitada -- Parte II: Sociedades por acciones y cooperativas: 1. Consideraciones generales sobre las sociedades por acciones - 2. Régimen de la intervención del estado - 3. La sociedad anónima. Caracterización y aspectos particulares. Régimen de constitución - 4. El capital social - 5. Acciones - 6. Bonos y deventures - 7. Gobierno - 8. El voto acumulativo para las elecciones en los órganos sociales - 9. Administración y representación - 10. Análisis e interpretación de las normas sobre documentación y estados contables de sociedades por acciones - 11. Fiscalización interna - 12. Sociedades en comandita por acciones
590 ## - LOCAL NOTE (RLIN)
Local note niveau_biblio:m niveau_hierar:0
700 1# - ADDED ENTRY--PERSONAL NAME
Personal name Ragazzi, Gillermo Enrique
700 1# - ADDED ENTRY--PERSONAL NAME
Personal name Rovira, Alfredo L.
700 1# - ADDED ENTRY--PERSONAL NAME
Personal name San Millan, Carlos
700 1# - ADDED ENTRY--PERSONAL NAME
Personal name Manovil, Rafael M.
942 ## - ADDED ENTRY ELEMENTS (KOHA)
Koha item type
Existencias
Withdrawn status Lost status Damaged status Not for loan Home library Current library Shelving location Date acquired Total checkouts Full call number Barcode Date last seen Price effective from Koha item type
        Biblioteca Prof. Eusebio Cleto del Rey Biblioteca Prof. Eusebio Cleto del Rey   07/04/2026   347.72 Z22 v.2/1 L26744 07/04/2026 07/04/2026 Libro
        Biblioteca Prof. Eusebio Cleto del Rey Biblioteca Prof. Eusebio Cleto del Rey   07/04/2026   347.72 Z22 v.2/1 L26742 07/04/2026 07/04/2026 Libro
        Biblioteca Prof. Eusebio Cleto del Rey Biblioteca Prof. Eusebio Cleto del Rey   07/04/2026   347.72 Z22 v.2/1 L25909 07/04/2026 07/04/2026 Libro
        Biblioteca Prof. Eusebio Cleto del Rey Biblioteca Prof. Eusebio Cleto del Rey   07/04/2026   347.72 Z22 v.2/1 L25907 07/04/2026 07/04/2026 Libro
        Biblioteca Prof. Eusebio Cleto del Rey Biblioteca Prof. Eusebio Cleto del Rey   07/04/2026   347.72 Z22 v.1 L25906 07/04/2026 07/04/2026 Libro
        Biblioteca Prof. Eusebio Cleto del Rey Biblioteca Prof. Eusebio Cleto del Rey   07/04/2026   347.72 Z22 v.1 L25908 07/04/2026 07/04/2026 Libro
        Biblioteca Prof. Eusebio Cleto del Rey Biblioteca Prof. Eusebio Cleto del Rey   07/04/2026   347.72 Z22 v.1 L26741 07/04/2026 07/04/2026 Libro
        Biblioteca Prof. Eusebio Cleto del Rey Biblioteca Prof. Eusebio Cleto del Rey   07/04/2026   347.72 Z22 v.1 L26743 07/04/2026 07/04/2026 Libro
        Biblioteca Prof. Eusebio Cleto del Rey Biblioteca Prof. Eusebio Cleto del Rey   07/04/2026   347.72 Z22 v.2/2 L13298 07/04/2026 07/04/2026 Libro